000 002490000a22001090004500
041 0 _aENG
082 0 4 _aAV 0228
245 1 0 _aA study for advent-christmas : Christ comes among us / Walker L. Railey
300 _a48 Pág.
001 14097
942 _cBK
999 _c43010
_d43010